00482cam a22001811 4500001000800000005001700008008004100025010001700066035001800083040002700101041000800128080001600136082001600152100000700168101000800175245008700183504003000270658482720180103041337.0711117s1965 mauabh b 000 0 eng  a 65000535  a(OCoLC)172462 aDLCcODaWUdOCoLCdDLC aeng a330.973 FIT a330.973 FIT1 a52 aEKO13aAn economic history of the United Statesc[by] Gilbert C. Fite [and] Jim E. Reese. aBibliography: p. 671-703.